1988 1711 1487 1774 1286 1816 1377 1893 1036 1774 1384 1010 1242 1330 1643 1454 1782 1435 1045 1825 1634 1618 1823 1360 1034 1015 1701 1592 1882 1711 1802 1154 1329 1854 1800 1707 1319 1444 1835 1001 1939 1288 1041 1583 1802 1448 1460 1188 1193 1164 1720 1427 1196 1179 1676 1901 1197 1254 1068 1162 1131 1475 1213 1380 1704 1400 1416 1462 1699 1643 1823 1989 1732 1258 1079 1671 1031 1803 1809 1652 1728 1936 1880 1757 1038 1953 1943 1881 1183 1474 1561 1474 1290 1838 1460 1611 1542 1333 1944 BCNSPRNW ULIB Ver.6.0+V

เปลี่ยนเป็นภาษาไทย

Change to English
 แสดงรายละเอียดบรรณานุกรม
  กลับหน้าหลัก

Brief Record : Get Marc (ISO 2709) : E-mail record : QR code < ปิดหน้าต่าง
LEADER : 00000nam 2200000uu 4500
001    13399121392
003     ULIB
008    121116s2550||||th 000 0 tha d
020    ^a9789747640496
050 04 ^aTK7885^bพ974ร
100 0  ^aไพบูลย์ เปียศิริ
245 00 ^aคู่มือคอมพิวเตอร์ ฉบับสมบูรณ์/^cไพบูลย์ เปียศิริ
250    ^aพิมพ์ครั้งแรก
260    ^aกรุงเทพฯ^bพีเอ็นเอ็น กรุ๊ป^c2550
300    ^a432 หน้า :^bภาพประกอบ ;^c21 ซม
650  0 ^aคอมพิวเตอร์--ระบบปฏิบัติการ(คอมพิวเตอร์)
945    ^p155^l0^i15232
995    ^aวิภา
999    ^aวิภา
รายการนี้ยังไม่มีแท็ก
คุณยังไม่ได้ล็อกอิน คุณสามารถมีกิจกรรมร่วมกับเว็บไซต์ได้ แต่ต้องล็อกอินก่อน ::
  ล็อกอิน

รายการสื่อสารสนเทศ

ลำดับที่ ประเภท เลขเรียก/บาร์โค้ด สถานที่ สถานะ
1. วิทยาศาสตร์การแพทย์ และสุขภาพ
วิทยาศาสตร์การแพทย์ และสุขภาพ
TK7885 พ974ร  
  Barcode: 15232
ห้องสมุดวิทยาเขตสวรรค์ประชารักษ์
►หนังสือทั่วไป
บนชั้น

BibComment


ยังไม่เคยถูกคอมเมนท์

คอมเมนท์ทรัพยากรรายการนี้
  คอมเมนท์: คู่มือคอมพิวเตอร..


 Copyright 2026. Bcnsprnw @Library